Islands of Rauratoshan - Statistics

General Stats
  • This quiz has been taken 6 times
  • The average score is 5 of 10
Answer Stats
Answer % Correct
Island of :hotspot:
100%
Island of :worst_anguish:
100%
Rafi Island
100%
Irisela Island
67%
Naho Island
67%
:e_jar: Island
33%
New Kairi Island
33%
Hanyalezi Island
0%
Murya Island
0%
Owehaïá Island
0%
No matching quizzes found
Score Distribution
Percent of People with Each Score
Percentile by Number Answered
Your Score History
You have not taken this quiz